[Event "ch-RSA"]
[Site "Milnerton RSA"]
[Date "2007.12.20"]
[Round "9"]
[White "Solomons,D"]
[Black "Ophoff,J"]
[Result "0-1"]
[WhiteElo "2231"]
[BlackElo "2260"]

1.c4 c6 2.Nf3 d5 3.b3 Qb6 4.e3 Nf6 5.Be2 Bg4 6.O-O Nbd7 7.Ba3 Bxf3 8.Bxf3 e5
9.Bxf8 Nxf8 10.cxd5 cxd5 11.Nc3 Rd8 12.a4 Ne6 13.a5 Qb4 14.Ra4 Qe7 15.d4 e4
16.Be2 O-O 17.b4 Qd6 18.Nb5 Qb8 19.Qb3 h5 20.h3 g5 21.Qd1 Ng7 22.Ra3 Rc8
23.Nc3 Rc6 24.b5 Rd6 25.Na4 Rfd8 26.b6 Nd7 27.Bxh5 axb6 28.axb6 Rh6 29.Be2 Qd6
30.Rc3 f5 31.Nc5 Nxc5 32.dxc5 Qe5 33.Qd4 Qb8 34.Qa4 Qe5 35.Qd4 Qb8 36.Qa4 g4
37.c6 bxc6 38.Rxc6 Rxc6 39.Qxc6 Rd6 40.Qxd6 Qxd6 41.b7 Qb8 42.Rb1 gxh3 43.gxh3 Ne6
44.Rb6 Kf7 45.h4 Nc5 46.Kh1 Nd7 47.Rb1 Qc7 48.Kg2 Kf6 49.Bd1 Nb6  0-1

[Event "Harmonie Open A"]
[Site "Groningen NED"]
[Date "2007.12.21"]
[Round "1"]
[White "Simutowe,A"]
[Black "Hovenga,A"]
[Result "1-0"]
[WhiteElo "2421"]
[BlackElo "2186"]

1.c4 c6 2.e4 e5 3.Nf3 d6 4.d4 Bg4 5.Be3 Be7 6.Nc3 Nd7 7.h3 Bxf3 8.Qxf3 Bg5
9.g3 Bxe3 10.Qxe3 Ngf6 11.f4 Qb6 12.O-O-O a6 13.Be2 O-O-O 14.g4 h6 15.h4 Nf8
16.Na4 Qa7 17.c5 exd4 18.Rxd4 Ne6 19.Nb6+ Kb8 20.Rxd6 Rxd6 21.cxd6 c5 22.Nc4 b5
23.Ne5 Qb7 24.Bf3 Nd4 25.Bg2 Rd8 26.g5 Ne8 27.d7 Nd6 28.b3 f6 29.gxf6 gxf6
30.Nd3 Qb6 31.Rd1 Rxd7 32.Kb1 Nb7 33.e5 fxe5 34.Qxe5+ Ka7 35.Bxb7 Rxb7 36.Nxc5 Nf3
37.Qd5 Rc7 38.Ne6 Re7 39.Nd8 Qg6+ 40.f5  1-0

[Event "Harmonie Open A"]
[Site "Groningen NED"]
[Date "2007.12.23"]
[Round "3"]
[White "Vinke,A"]
[Black "Skatchkov,P"]
[Result "0-1"]
[WhiteElo "2173"]
[BlackElo "2509"]

1.c4 c6 2.Nf3 Nf6 3.Nc3 d5 4.cxd5 Nxd5 5.g3 Nxc3 6.bxc3 Bf5 7.Qb3 Qb6 8.Bg2 Nd7
9.Nd4 Bg6 10.h4 h6 11.Ba3 e5 12.Bxf8 Rxf8 13.Nf3 O-O-O 14.O-O Qxb3 15.axb3 a6
16.b4 f6 17.d3 Bh5 18.c4 Kc7 19.Rfc1 Ra8 20.c5 Rfd8 21.Kf1 Bxf3 22.Bxf3 Nf8
23.Be4 g6 24.g4 Kd7 25.h5 gxh5 26.Bf5+ Ke7 27.gxh5 Ne6 28.Bxe6 Kxe6 29.Rc4 Rg8
30.f3 Rg5 31.Rh4 Rag8 32.Kf2 Rg2+ 33.Ke3 f5 34.Rah1 Kd5 35.d4 e4 36.Rf1 exf3
37.Rxf3 R2g3 38.Kd3 Rxf3+ 39.exf3 Rg3 40.Ke3 Rg1 41.Rf4 Ke6 42.Rh4 Rb1 43.Kd3 Rb3+
44.Kc4 Rxf3 45.Rh2 f4 46.Re2+ Re3 47.Rg2 f3  0-1

[Event "CERRADO IM"]
[Site "Mondariz-Balneario ESP"]
[Date "2007.12.26"]
[Round "1"]
[White "Moreno Gracia,Dan"]
[Black "Padeiro,J"]
[Result "1-0"]
[WhiteElo "2234"]
[BlackElo "2278"]

1.c4 c6 2.e4 d5 3.exd5 cxd5 4.d4 Nf6 5.Nc3 e6 6.Nf3 Bb4 7.cxd5 Nxd5 8.Qc2 Nc6
9.Be2 O-O 10.O-O Be7 11.Rd1 Bd7 12.Qe4 f5 13.Qc2 Nxc3 14.bxc3 Qc7 15.Qd2 Kh8
16.c4 Na5 17.d5 Nxc4 18.Bxc4 Qxc4 19.Ne5 Qa4 20.Rb1 b6 21.d6 Bg5 22.Qe1 Bxc1
23.Rb4 Qa5 24.Nxd7 Rfc8 25.Ne5 Ba3 26.Nf7+ Kg8 27.Qxe6  1-0

[Event "37th Rilton Cup"]
[Site "Stockholm SWE"]
[Date "2007.12.31"]
[Round "5"]
[White "Karlsson,L"]
[Black "Eriksson,Jor"]
[Result "1-0"]
[WhiteElo "2485"]
[BlackElo "2238"]

1.c4 c6 2.Nf3 Nf6 3.b3 d5 4.Bb2 Bf5 5.d3 e6 6.g3 Nbd7 7.Bg2 h6 8.O-O Be7
9.Nbd2 a5 10.cxd5 exd5 11.e4 Be6 12.e5 Nh7 13.Nd4 Nc5 14.Qe2 Qd7 15.f4 f5
16.exf6 Nxf6 17.f5 Bf7 18.Rae1 Kf8 19.Ne6+ Kg8 20.Nf3 Re8 21.Bxf6 gxf6 22.Ne5 fxe5
23.Qg4+ Bg5 24.Nxc5 Qe7 25.Ne6 Qb4 26.Qxb4 axb4 27.Rxe5 Bf6 28.Re2 Kh7 29.Rf4 Be7
30.Bf3 Bd6 31.Rh4 Be7 32.Bh5 Bxh4 33.Bxf7 Rxe6 34.Rxe6 Kg7 35.Bg6 Bf6 36.Kg2 Ra8
37.Re2 Rd8 38.Re6 Rd7  1-0

[Event "Premier"]
[Site "Hastings ENG"]
[Date "2008.01.01"]
[Round "5"]
[White "Norinkeviciute,R"]
[Black "Lock,G"]
[Result "1/2-1/2"]
[WhiteElo "2064"]
[BlackElo "2212"]

1.c4 c6 2.g3 d5 3.Bg2 Nf6 4.Nf3 Bg4 5.Ne5 Be6 6.cxd5 Bxd5 7.Nf3 c5 8.O-O Nbd7
9.d4 e6 10.Nc3 Bc6 11.b3 Be7 12.Bb2 O-O 13.Rc1 cxd4 14.Qxd4 Bc5 15.Qf4 Qe7
16.Qd2 Rfd8 17.Qc2 Rac8 18.Qb1 a6 19.Nd2 Bxg2 20.Kxg2 Bb4 21.Nde4 Nxe4 22.Nxe4 Nc5
23.Nxc5 Rxc5 24.Rfd1 Rxc1 25.Rxc1 Ba3 26.Qc2 Bxb2 27.Qxb2 Qd6 28.Qc3 h6 29.Qf3 Qd7
30.Rc2  1/2-1/2

[Event "CERRADO IM"]
[Site "Mondariz-Balneario ESP"]
[Date "2008.01.04"]
[Round "8"]
[White "Pena Gomez,M"]
[Black "Padeiro,J"]
[Result "1-0"]
[WhiteElo "2320"]
[BlackElo "2278"]

1.c4 c6 2.Nf3 d5 3.e3 Nf6 4.Qc2 g6 5.Nc3 Bg7 6.d3 O-O 7.Be2 Re8 8.O-O e5
9.Rb1 dxc4 10.dxc4 e4 11.Rd1 Qe7 12.Nd2 Bf5 13.Nf1 g5 14.b4 h5 15.b5 h4 16.bxc6 bxc6
17.Rb3 Na6 18.Ba3 c5 19.Nd5 Nxd5 20.cxd5 Nb4 21.Bxb4 cxb4 22.d6 Qb7 23.Qc5 Re5
24.Qxb4 Qxb4 25.Rxb4 Be6 26.a4 Rd8 27.Bb5 Rd5 28.Rxd5 Bxd5 29.d7 f5 30.Rb1 Kf7
31.Rc1 Be5 32.Nd2 Be6 33.Nc4 Bc7 34.Nd2 Ba5 35.Nc4 Bc7 36.Na3 Bd6 37.Nc2 Bxd7
38.Nd4 Kf6 39.Bxd7 Rxd7 40.Rc6 Ke5 41.Kf1 f4 42.Ke2 fxe3 43.fxe3 Kd5 44.Ra6 Bxh2
45.Ra5+ Kc4 46.Rxg5 Bg3 47.Nc6 Rc7 48.Nd4 Kb4 49.Rg4 Kxa4 50.Rxe4 Ka5 51.Kd3 Rf7
52.Rg4 Rf2 53.Nf3 Kb6 54.Kc4 Rxg2 55.Nxh4 Rg1 56.Rg6+ Kc7 57.Nf5 Bf2 58.Re6 Rg5
59.Rf6 Bg3 60.Nd4 Rg4 61.Rc6+ Kb7 62.Re6 a5 63.e4 Kc7 64.Nf5 Be1 65.Kd5 Bb4
66.Rc6+ Kb7 67.Rc4 Kb6 68.Nd4 Rg5+ 69.e5 Rh5 70.Ne6 Kb5 71.Nd4+ Kb6 72.Rc6+ Kb7
73.Rc2 Kb6 74.Rc4 Bc5 75.Ne6 Bf2 76.Rg4 Be1 77.Nc5 Bc3 78.Na4+  1-0

[Event "Petrovskaya Ladya IM"]
[Site "Peterhof RUS"]
[Date "2008.01.04"]
[Round "2"]
[White "Skurygin,A"]
[Black "Timofeev,An"]
[Result "0-1"]
[WhiteElo "2283"]
[BlackElo "2242"]

1.c4 c6 2.d4 d5 3.cxd5 cxd5 4.Nf3 Nf6 5.Nc3 Nc6 6.e3 g6 7.Be2 Bg7 8.Ne5 O-O
9.f4 Bf5 10.O-O Ne4 11.Bf3 Nxc3 12.bxc3 Rc8 13.Nxc6 Rxc6 14.g4 Bc8 15.Qb3 Qa5
16.Bd2 e6 17.a4 Qc7 18.Rab1 Rb6 19.Qa2 Bd7 20.Be2 Rc8 21.a5 Rxb1 22.Rxb1 a6
23.Bd3 Bc6 24.Be1 Bf8 25.Rb3 Bd6 26.Bh4 Be7 27.Bxe7 Qxe7 28.g5 Qd7 29.Qb2 e5
30.Qg2 exf4 31.exf4 Re8 32.Bf1 Re1 33.Rb2 Bb5 34.Rf2 Qe6 35.Qg3 Qe4 36.Qf3 Bxf1
37.Qxe4 Be2+ 38.Kg2 dxe4  0-1

[Event "XXXIII Open"]
[Site "Sevilla ESP"]
[Date "2008.01.05"]
[Round "1"]
[White "Mirzoev,A"]
[Black "Aranaz Murillo,A"]
[Result "1-0"]
[WhiteElo "2518"]
[BlackElo "1892"]

1.c4 c6 2.e4 d5 3.exd5 cxd5 4.cxd5 Nf6 5.Bb5+ Nbd7 6.Nc3 g6 7.d4 Bg7 8.d6 O-O
9.dxe7 Qxe7+ 10.Nge2 a6 11.Bd3 b5 12.O-O Bb7 13.Re1 Rfe8 14.Bf4 Nb6 15.Ng3 Qd7
16.Be5 Rac8 17.Rc1 Nc4 18.Bxc4 Rxc4 19.f3 Rec8 20.Qd2 Ne8 21.Bxg7 Nxg7 22.Nce2 Ne6
23.Rxc4 Rxc4 24.Rd1 Qc8 25.Qe3 Rc2 26.Rd2 Bd5 27.a3 Qc4 28.h3 a5 29.Rxc2 Qxc2
30.Qc3 Qd1+ 31.Kf2 a4 32.Ne4 Bxe4 33.fxe4 Qb1 34.e5 Ng5 35.Qc1 Qf5+ 36.Qf4 Ne4+
37.Ke3 Qxf4+ 38.Nxf4 Ng5 39.d5 Kf8 40.h4  1-0

[Event "XIX Open"]
[Site "Villa de Roquetas ESP"]
[Date "2008.01.05"]
[Round "7"]
[White "Clement Gomez,J"]
[Black "Cifuentes Parada,R"]
[Result "0-1"]
[WhiteElo "2321"]
[BlackElo "2520"]

1.c4 c6 2.Nf3 d5 3.g3 dxc4 4.Bg2 b5 5.Qc2 Bb7 6.b3 cxb3 7.axb3 e6 8.d4 Nf6
9.O-O Nbd7 10.Nbd2 c5 11.Ba3 Rc8 12.Qd3 a6 13.e4 Be7 14.e5 Nd5 15.Ne4 b4
16.Bc1 cxd4 17.Bg5 f6 18.exf6 gxf6 19.Bh6 Qb6 20.Rfe1 e5 21.Nh4 Nc3 22.Nf5 Nxe4
23.Bxe4 Nc5 24.Qf3 Nxe4 25.Rxe4 Bxe4 26.Qxe4 Bf8 27.Qg4 Rc7 28.Qh5+ Kd8 29.Bd2 Qe6
30.Qf3 Bc5 31.Qa8+ Rc8 32.Qe4 Rf8 33.Qd3 Rc6 34.Ng7 Qd7 35.Rxa6 Rxa6 36.Qxa6 Ke7
37.Qc4 Rc8 38.Qd3 Rc7 39.Qxh7 Kd6 40.Nf5+ Kc6 41.Qg6 Qf7 42.Qh6 Kb7 43.h4 Bf8
44.Qh8 Rc8 45.Bh6 Qg6 46.Bxf8 Qxf5 47.Qh6 Rc2  0-1

[Event "ch-Reykjavik"]
[Site "Reykjavik ISL"]
[Date "2008.01.09"]
[Round "2"]
[White "Helgadottir,S"]
[Black "Oskarsson,A"]
[Result "1/2-1/2"]
[WhiteElo "1606"]
[BlackElo "1868"]

1.c4 c6 2.Nc3 Nf6 3.e4 e5 4.Nf3 Qc7 5.a3 a5 6.d4 d6 7.h3 Be7 8.Be2 O-O 9.O-O Nbd7
10.Be3 Re8 11.Qd3 Bf8 12.Rad1 exd4 13.Bxd4 Ne5 14.Nxe5 dxe5 15.Be3 Be6 16.Na4 Nd7
17.Rd2 Be7 18.Rfd1 Rad8 19.Qc3 f6 20.b4 axb4 21.axb4 b6 22.Bg4 Bxg4 23.hxg4 c5
24.bxc5 Nxc5 25.Bxc5 Bxc5 26.Nxc5 Rxd2 27.Qxd2 bxc5 28.Qd7 Re7 29.Qxc7 Rxc7
30.Rd5 Kf7 31.g5 Ke6 32.gxf6 gxf6 33.f3 h5 34.Kf2 h4 35.Kg1 f5 36.Kh2 fxe4
37.fxe4 Rf7 38.Rxc5 Rf4  1/2-1/2

[Event "ch-BLR"]
[Site "Minsk BLR"]
[Date "2008.01.11"]
[Round "2"]
[White "Zhigalko,S"]
[Black "Zhigalko,A"]
[Result "1-0"]
[WhiteElo "2558"]
[BlackElo "2556"]

1.c4 c6 2.Nf3 d5 3.e3 Nf6 4.b3 g6 5.Bb2 Bg7 6.Be2 O-O 7.O-O Bg4 8.d3 Bxf3
9.Bxf3 e6 10.b4 Nbd7 11.Qb3 a6 12.a4 h5 13.Rc1 Ng4 14.Bxg7 Kxg7 15.Qb2+ Qf6
16.Qxf6+ Kxf6 17.Nd2 Ke7 18.Nb3 Rfc8 19.d4 Ngf6 20.h4 e5 21.cxd5 Nxd5 22.Na5 exd4
23.exd4 N7f6 24.Nxb7 Nxb4 25.Rab1 Nfd5 26.Na5 Kd7 27.Nxc6 Rxc6 28.Rxc6 Kxc6
29.Rxb4 Ra7 30.Rb8 Rd7 31.Rc8+ Kd6 32.a5 Nc7 33.Kf1 Nb5 34.Rc6+ Ke7 35.Rxa6 Nxd4
36.Bd1 Rb7 37.Ke1 Rb2 38.Rb6 Rxb6 39.axb6 Kd8 40.Ba4 Nf5 41.g3 Ne7 42.Kd2 f6
43.Bc2 f5 44.Bd1 Nd5 45.b7 Kc7 46.Bf3  1-0

[Event "4NCL 2007-8"]
[Site "Wokefield Park ENG"]
[Date "2008.01.13"]
[Round "6"]
[White "Ledger,A"]
[Black "Kennaugh,C"]
[Result "1-0"]
[WhiteElo "2424"]
[BlackElo "2290"]

1.c4 c6 2.e4 e5 3.Nf3 f5 4.exf5 e4 5.Nd4 Qf6 6.Ne2 Qxf5 7.Ng3 Qe5 8.Nc3 Nf6
9.Be2 Bc5 10.O-O d5 11.cxd5 cxd5 12.d3 e3 13.f4 Qe7 14.d4 Bb6 15.Bb5+ Nc6
16.h3 O-O 17.Bxc6 bxc6 18.Rf3 Qb4 19.Nce2 Ba6 20.a3 Qd6 21.Bxe3 Rae8 22.Rc1 Ne4
23.f5 c5 24.Bf4 Qd7 25.dxc5 Bxc5+ 26.Nd4 Rc8 27.Kh2 Bxd4 28.Rxc8 Rxc8 29.Qxd4 Rc4
30.Qe5 Nxg3 31.Bxg3 Re4 32.Qb8+ Re8 33.Qb3 Qb5 34.Qc3 Qe2 35.f6 gxf6 36.Qxf6 Qe6
37.Qg5+ Kh8 38.Rf8+  1-0

[Event "115th ch-NZL"]
[Site "Auckland NZL"]
[Date "2008.01.15"]
[Round "1"]
[White "Dive,RJ"]
[Black "Spain,G"]
[Result "1-0"]
[WhiteElo "2341"]
[BlackElo "2191"]

1.c4 c6 2.e4 d5 3.exd5 cxd5 4.cxd5 Nf6 5.Bb5+ Nbd7 6.Nc3 a6 7.Qa4 g6 8.Nf3 Bg7
9.O-O O-O 10.Bxd7 Nxd7 11.d4 b5 12.Qb3 Nb6 13.Bg5 h6 14.Bh4 g5 15.Bg3 Bb7
16.h4 gxh4 17.Nxh4 Bxd5 18.Nxd5 Qxd5 19.Qb4 Qxd4 20.Qxe7 Qxb2 21.Rad1 Nc4
22.Nf5 Qf6 23.Qc5 Kh8 24.Bh4 Qb6 25.Qd5 Qe6 26.Qf3 Rae8 27.Qh3 Qe4 28.Bf6 Bxf6
29.Qxh6+ Kg8 30.Qxf6 Qe5 31.Qg5+ Kh7 32.Rd3  1-0

[Event "6th Parsvnath Open"]
[Site "New Delhi IND"]
[Date "2008.01.15"]
[Round "4"]
[White "Darban,M"]
[Black "Mehar,C"]
[Result "1-0"]
[WhiteElo "2401"]
[BlackElo "2199"]

1.c4 c6 2.e4 d5 3.cxd5 cxd5 4.exd5 Nf6 5.Qa4+ Nbd7 6.Nc3 g6 7.Bc4 Bg7 8.d3 O-O
9.Nf3 a6 10.Qa3 Nb6 11.Qb3 Qd6 12.Be3 Nbd7 13.a4 Ne5 14.Nxe5 Qxe5 15.h3 Qh5
16.Bf4 Bf5 17.O-O g5 18.Bg3 Nd7 19.Rfe1 Bf6 20.Ne4 Bd4 21.Qxb7 Rab8 22.Bxb8 Rxb8
23.Qc7 Be5 24.Ng3 Bxc7 25.Nxh5 Bd6 26.Ng3 Bg6 27.Bxa6 Rxb2 28.Re2 Rb8 29.Bb5 Nb6
30.Ne4 Be5 31.Rae1 Nxd5 32.Nxg5 Bf6 33.Ne4 Bd4 34.Rc1 Kg7 35.Rc4 e5 36.Rec2 Rb6
37.Rc6 Rb7 38.Nc5 Re7 39.Nb3 Nb4 40.Rc7 Re6 41.Nxd4 exd4 42.Rd2 Nd5 43.Rd7 Nf4
44.Kh2  1-0

[Event "115th ch-NZL"]
[Site "Auckland NZL"]
[Date "2008.01.18"]
[Round "6"]
[White "Croad,N"]
[Black "Spain,G"]
[Result "1/2-1/2"]
[WhiteElo "2313"]
[BlackElo "2191"]

1.c4 c6 2.d4 d5 3.Nc3 Nf6 4.Nf3 dxc4 5.a4 Bf5 6.Ne5 e6 7.f3 c5 8.e4 cxd4
9.exf5 Bb4 10.Bxc4 dxc3 11.Qxd8+ Kxd8 12.Nxf7+ Ke7 13.bxc3 Bxc3+ 14.Ke2 Re8
15.fxe6 Nc6 16.Rb1 Bb4 17.Be3 Rac8 18.Ba2 Nd8 19.Rxb4 Rc2+ 20.Kd3 Rxa2 21.Bc5+ Kxe6
22.Nd6 Rg8 23.Nc4 Nc6 24.Re1+ Kf5 25.Rxb7 Rxa4 26.g4+ Kg6 27.Rc7 Rd8+ 28.Nd6 Rxd6+
29.Bxd6 Rd4+ 30.Ke2 Rxd6 31.Kf2 a5  1/2-1/2

[Event "Winter Open"]
[Site "Belgrade SRB"]
[Date "2008.01.22"]
[Round "1"]
[White "Mirkovic,R"]
[Black "Damjanovic,D"]
[Result "0-1"]
[WhiteElo "1964"]
[BlackElo "2301"]

1.c4 c6 2.d4 d5 3.cxd5 cxd5 4.Nc3 Nf6 5.Nf3 Nc6 6.g3 a6 7.Bg2 Bf5 8.O-O e6
9.Bf4 h6 10.h3 Be7 11.g4 Bh7 12.Rc1 O-O 13.Na4 Nd7 14.Qb3 Ra7 15.e3 Qa5 16.Rfd1 Qb5
17.Nd2 Bd3 18.Rc3 Be2 19.Qxb5 axb5 20.Re1 b4 21.Rxe2 bxc3 22.Nxc3 Nb4 23.e4 dxe4
24.Ndxe4 Nxa2 25.d5 Nxc3 26.Nxc3 Bc5 27.dxe6 fxe6 28.Bg3 e5 29.Bd5+ Kh8 30.Be6 b6
31.Nb5 Ra1+ 32.Kg2 Rd1 33.Nc3 Rd6 34.Bf5 g6 35.Bxd7 Rxd7 36.Rxe5 Bd4 37.Rd5 Rxd5
38.Nxd5 Rd8 39.Ne7 Kh7 40.b3 Bc5 41.Nc6 Rd2 42.b4 Bd6 43.Ne5 Bxe5 44.Bxe5 Rd5
45.f4 Rd3 46.h4 h5 47.gxh5 gxh5 48.f5 Rd5 49.Bc7 Rb5 50.Kf3 Rxb4 51.Bd8 b5
52.Ke3 Rg4 53.Kd3 Rf4 54.f6 Kg6 55.Kc3 Kf7  0-1

[Event "Winter Open"]
[Site "Belgrade SRB"]
[Date "2008.01.23"]
[Round "2"]
[White "Momirovic,M"]
[Black "Petrovic,Pe"]
[Result "0-1"]
[WhiteElo "1831"]
[BlackElo "2110"]

1.c4 c6 2.d4 d5 3.cxd5 cxd5 4.Nc3 Nc6 5.Bf4 Nf6 6.Nf3 e6 7.e3 a6 8.a3 Bd6
9.Bg5 O-O 10.Bd3 Bd7 11.Qc2 h6 12.Bxf6 Qxf6 13.O-O Rac8 14.Rad1 Rfd8 15.Qb1 Bb8
16.Rc1 Be8 17.Ne2 e5 18.Bf5 e4 19.Bxc8 exf3 20.Ng3 fxg2 21.Kxg2 Rxc8 22.Qf5 Qd8
23.Rc5 Bd6 24.Rcc1 Be7 25.Rg1 Bd7 26.Qh5 g6 27.Qf3 Be6 28.Kh1 Kh7 29.Qg2 Bf6
30.f3 Qd7 31.b4 Re8 32.Qd2 Bh3 33.Ne2 Bg5 34.Nf4 Bxf4 35.exf4 Be6 36.Rge1 Ne7
37.Qe2 Nf5 38.Qe5 Rc8 39.Kg1 b5 40.Rc5 Rxc5 41.bxc5 Ne7 42.Rd1 Nc6 43.Qf6 Qd8
44.Qxd8 Nxd8 45.Rc1 Nc6 46.Rd1 Kg7 47.Kf2 Kf6 48.Ke3 Bd7 49.Rc1 Nd8 50.Rc2 Bc6
51.Rb2 a5 52.Rg2 Ne6 53.Rg4 b4 54.axb4 axb4 55.Rg1 b3 56.Rb1 Ba4 57.Ra1 Bb5
58.Rb1 Bc4 59.c6 Ke7 60.Ra1 Kd6 61.Ra4 Kxc6 62.Rb4 Nc7 63.Kd2 Nb5 64.Kc1 Nxd4
65.Rb8 Nxf3 66.h3 d4 67.Rc8+ Kd5 68.Rc7 f5 69.Kb2 Ne1 70.Rb7 Nd3+ 71.Kb1 Nc5
72.Rb8 Na4 73.h4 Bd3+ 74.Kc1 b2+ 75.Rxb2 Nxb2 76.Kxb2 Ke4 77.Kc1 Ke3 78.Kd1 Be2+
79.Kc1 d3 80.Kb2 d2 81.Kc3 d1=Q 82.h5 Qd4+ 83.Kb3 Qc4+ 84.Ka3 Qb5 85.hxg6 Bc4  0-1

[Event "Winter Open"]
[Site "Belgrade SRB"]
[Date "2008.01.23"]
[Round "2"]
[White "Baralic,N"]
[Black "Gagic,M"]
[Result "1-0"]
[WhiteElo "2253"]
[BlackElo "1911"]

1.c4 c6 2.Nc3 Nf6 3.d4 d5 4.cxd5 cxd5 5.Nf3 Nc6 6.Bf4 a6 7.e3 Bg4 8.Be2 e6
9.O-O Bxf3 10.Bxf3 Bd6 11.Bg5 Be7 12.Rc1 O-O 13.Na4 Nd7 14.Bf4 g5 15.Bg3 f5
16.h3 Rc8 17.a3 Na5 18.Be2 b5 19.Nc5 Nxc5 20.dxc5 Nc4 21.b4 Bf6 22.Bxc4 dxc4
23.Bd6 Rf7 24.Qc2 Bg7 25.f4 g4 26.hxg4 fxg4 27.g3 Qf6 28.Rf2 Qf5 29.e4 Qg6
30.e5 Qxc2 31.Rcxc2 Ra7 32.a4 Kf7 33.Ra2 Rb7 34.axb5 axb5 35.Ra6 Kg6 36.c6 Rf7
37.c7 Kf5 38.Rb6 Ke4 39.Rxb5 Rfxc7 40.Bxc7 Rxc7 41.Rc5 Rxc5 42.bxc5 Kd5 43.c6 Kxc6
44.Kf1 Bf8 45.Ke2 Kd5 46.Rh2 h6 47.Rh4 h5 48.Rxh5 c3 49.Kd3 c2 50.Rh1  1-0

[Event "6th ch-PriFO Men"]
[Site "Kazan RUS"]
[Date "2008.01.23"]
[Round "1"]
[White "Askarov,M"]
[Black "Ospennikov,D"]
[Result "1-0"]
[WhiteElo "2521"]
[BlackElo "2217"]

1.c4 c6 2.Nf3 d5 3.d4 Nf6 4.Nc3 e6 5.Bg5 h6 6.Bxf6 Qxf6 7.e3 Nd7 8.Bd3 Bb4
9.O-O Bxc3 10.bxc3 O-O 11.cxd5 exd5 12.Rb1 Re8 13.Re1 Qd6 14.Qb3 b6 15.c4 dxc4
16.Bxc4 Re7 17.e4 Nf8 18.e5 Qg6 19.Qa3 Re8 20.Rbc1 Bb7 21.d5 cxd5 22.Bd3 Qg4
23.Rc7 Bc8 24.Bb5 Ne6 25.Bxe8 Nxc7 26.Bc6 Rb8 27.Qxa7 Ne6 28.Bxd5 Rb7 29.Bxb7 Nf4
30.g3 Bf5 31.Qa8+ Kh7 32.Be4  1-0

[Event "GMA2"]
[Site "Marianske Lazne CZE"]
[Date "2008.01.23"]
[Round "5"]
[White "Vokac,M"]
[Black "Smith,Ax"]
[Result "1/2-1/2"]
[WhiteElo "2435"]
[BlackElo "2458"]

1.c4 c6 2.Nf3 d5 3.d4 e6 4.Qc2 Nf6 5.g3 dxc4 6.Qxc4 b5 7.Qc2 Bb7 8.Bg2 Nbd7
9.Nc3 a6 10.O-O c5 11.Be3 Rc8 12.dxc5 Bxc5 13.Bxc5 Nxc5 14.Rad1 Qe7 15.Qd2 b4
16.Nb1 a5 17.a3 Nce4 18.Qd4 O-O 19.axb4 axb4 20.Ne5 Rfd8  1/2-1/2

[Event "6th Gibtelecom Masters"]
[Site "Gibraltar ENG"]
[Date "2008.01.24"]
[Round "3"]
[White "Butnorius,A"]
[Black "Borg,A"]
[Result "1-0"]
[WhiteElo "2441"]
[BlackElo "2127"]

1.c4 c6 2.d4 d5 3.Nf3 Nf6 4.Qc2 g6 5.Bf4 Bg7 6.e3 Bf5 7.Qb3 Qb6 8.Nc3 Qxb3
9.axb3 O-O 10.h3 h5 11.Be2 a6 12.Ne5 Be6 13.g4 hxg4 14.hxg4 Nfd7 15.Nxd7 Nxd7
16.O-O-O Rac8 17.Kb1 b5 18.c5 Rfe8 19.Kc2 a5 20.Ra1 Ra8 21.Ra2 Ra7 22.Rha1 Rea8
23.f3 Nf6 24.Bxb5 cxb5 25.Nxb5 Rb7 26.Rxa5 Rxa5 27.Rxa5 Bd7 28.Na7 Nxg4 29.fxg4 Bxg4
30.c6 Rb6 31.Bc7  1-0

[Event "6th Gibtelecom Masters"]
[Site "Gibraltar ENG"]
[Date "2008.01.24"]
[Round "3"]
[White "Gurevich,M"]
[Black "Erichsen,D"]
[Result "1-0"]
[WhiteElo "2607"]
[BlackElo "2169"]

1.c4 c6 2.Nf3 d5 3.d4 Nf6 4.Qc2 dxc4 5.Qxc4 Bf5 6.Nc3 e6 7.g3 Nbd7 8.Bg2 Be7
9.O-O O-O 10.Re1 Bg6 11.e4 b5 12.Qxc6 b4 13.e5 bxc3 14.exf6 cxb2 15.fxe7 bxa1=Q
16.exd8=Q Raxd8 17.Bg5 Qb2 18.Bxd8 Rxd8 19.d5 Nf8 20.Ne5 Qd2 21.Qc1 Qxc1
22.Rxc1 exd5 23.Nc6 Rd7 24.Bxd5 h6 25.Rc5 Ne6 26.Ra5 Kh7 27.h4 Nc7 28.Bb3 a6
29.Ne5 Rd6 30.Nxf7 Rb6 31.h5 Bd3 32.Rc5 Ne6 33.Rc8 g6 34.Ne5 Bf5 35.g4 Bb1
36.Nd7 Rxb3 37.axb3 gxh5 38.gxh5 Nf4 39.Rc7 Nxh5 40.Nf6+ Kg6 41.Nxh5 Kxh5
42.Rc5+ Kg4 43.Rc6 Bd3 44.Rxh6 Be2 45.Re6 Bd3 46.Kg2 Kf4 47.f3 Bb5 48.Re4+ Kf5
49.Kg3 Bd3 50.Re3 Bb5 51.f4  1-0

[Event "6th ch-PriFO Men"]
[Site "Kazan RUS"]
[Date "2008.01.24"]
[Round "2"]
[White "Khismatullin,D"]
[Black "Mustakayev,A"]
[Result "1-0"]
[WhiteElo "2564"]
[BlackElo "2326"]

1.c4 c6 2.e4 d5 3.exd5 cxd5 4.d4 Nf6 5.Nc3 g6 6.Qb3 Bg7 7.cxd5 O-O 8.Nge2 Nbd7
9.Nf4 Nb6 10.Be2 Bf5 11.O-O g5 12.Nd3 h6 13.Nc5 Rb8 14.h4 Nfxd5 15.hxg5 hxg5
16.Bxg5 Bxd4 17.Rad1 Bxc3 18.bxc3 Qd6 19.c4 Qg6 20.cxd5 Qxg5 21.Rd4 Rfd8
22.Rfd1 e5 23.dxe6 Rxd4 24.Rxd4 Rc8 25.exf7+ Kf8 26.Ne6+ Bxe6 27.Qxe6  1-0

[Event "6th ch-PriFO Men"]
[Site "Kazan RUS"]
[Date "2008.01.24"]
[Round "2"]
[White "Volodin,I"]
[Black "Talipov,N"]
[Result "1-0"]
[WhiteElo "2180"]
[BlackElo "2007"]

1.c4 c6 2.d4 d5 3.cxd5 cxd5 4.Nc3 Nc6 5.e4 e6 6.exd5 exd5 7.Bb5 Nf6 8.Nf3 Be6
9.O-O Bd6 10.Ne5 O-O 11.f4 Qc7 12.Be3 Bf5 13.Rc1 Rac8 14.h3 Be4 15.Nxe4 Nxe4
16.Nxc6 bxc6 17.Bxc6 Qa5 18.Qa4 Qxa4 19.Bxa4 Ng3 20.Rfe1 Nf5 21.Rxc8 Rxc8
22.Bd7 Rb8 23.Bxf5  1-0

[Event "GMA2"]
[Site "Marianske Lazne CZE"]
[Date "2008.01.24"]
[Round "7"]
[White "Vokac,M"]
[Black "Krejci,Jan2"]
[Result "1-0"]
[WhiteElo "2435"]
[BlackElo "2359"]

1.c4 c6 2.Nf3 d5 3.e3 Nf6 4.Nc3 e6 5.b3 Bd6 6.Bb2 O-O 7.Qc2 Nbd7 8.d4 a6
9.Be2 b5 10.O-O Qe7 11.e4 b4 12.e5 bxc3 13.exd6 Qxd6 14.Qxc3 a5 15.a4 Re8
16.Ba3 Qb8 17.Bd3 Ba6 18.Rfe1 Qb6 19.Bc2 h6 20.Ne5 Rad8 21.Rad1 dxc4 22.bxc4 c5
23.Nxd7 Nxd7 24.Qd3 g6 25.dxc5 Nxc5 26.Qe3 Rxd1 27.Rxd1 Rc8 28.Qe5 Kh7 29.Bb2 Rg8
30.Bd4 Nd7 31.Qf4  1-0

[Event "Open"]
[Site "Marianske Lazne CZE"]
[Date "2008.01.24"]
[Round "7"]
[White "Golcman,E"]
[Black "Zysko,J"]
[Result "1-0"]
[WhiteElo "2273"]
[BlackElo "2104"]

1.c4 c6 2.Nf3 d5 3.Qc2 Nf6 4.b3 g6 5.Bb2 Bg7 6.g3 O-O 7.Bg2 Nbd7 8.O-O Re8
9.Na3 a6 10.cxd5 cxd5 11.Rac1 e5 12.d3 Bh6 13.e3 Bf8 14.Qb1 Bd6 15.Qa1 Qe7
16.Nb1 b5 17.Nbd2 Bb7 18.Rc2 Rac8 19.Rfc1 Rxc2 20.Rxc2 e4 21.Ne1 Ng4 22.Bd4 f5
23.a4 b4 24.Qd1 Qg5 25.Nf1 h5 26.Bb2 Nc5 27.dxe4 Nxe4 28.Nf3 Qe7 29.Qd4 Nc3
30.Bxc3 bxc3 31.Rxc3 Kh7 32.Qb6 Kh6 33.Nd4 Nf6 34.Nd2 Rc8 35.Rxc8 Bxc8 36.Qc6 Bb7
37.Qc2 Qc7 38.Qxc7 Bxc7 39.b4 Ne4 40.N2b3 Bd6 41.Bxe4 dxe4 42.Nc5 Bc8 43.a5 Kg5
44.Nc6 Kf6 45.Na7 Be6 46.Nxe6 Kxe6 47.b5 Bc5 48.Nc6 Kd6 49.Nd4 axb5 50.Nxb5+ Kc6
51.Nc3 Bd6 52.a6 Kb6 53.a7 Kb7 54.Kg2 Bc5 55.Nd5 Kxa7 56.Nf4 g5 57.Ne6 Be7
58.Nd4 Kb7 59.Nxf5 Bf8 60.Nd4 Kc8 61.Ne6 Be7 62.Ng7 Kd7 63.Nxh5 Ke6 64.Kh3 Kf7
65.Kg4 Kg6 66.h4 gxh4 67.gxh4 Bb4 68.Ng3  1-0

[Event "FINEC GMA"]
[Site "St Petersburg RUS"]
[Date "2008.01.24"]
[Round "1"]
[White "Kveinys,A"]
[Black "Lintchevski,D"]
[Result "1/2-1/2"]
[WhiteElo "2521"]
[BlackElo "2440"]

1.c4 c6 2.Nf3 d5 3.e3 Nf6 4.Nc3 a6 5.b3 Bg4 6.Bb2 Nbd7 7.cxd5 cxd5 8.h3 Bxf3
9.Qxf3 e6 10.Qd1 Bd6 11.Be2 O-O 12.O-O Qe7 13.a3 Rac8 14.d3 Be5 15.d4 Bd6
16.Bd3 Rc7 17.Qd2 Rfc8 18.Rfc1 e5 19.Bf5 g6 20.Bxd7 Qxd7 21.dxe5 Bxe5 22.Na4 Ne4
23.Qe1 Bxb2 24.Nxb2 Qb5 25.b4 Rxc1 26.Rxc1 Rxc1 27.Qxc1 Qe2 28.Nd1 Qe1+ 29.Kh2 h5
30.h4 Nxf2 31.Qc8+ Kg7 32.Nxf2 Qxf2 33.Qxb7 Qxh4+ 34.Kg1 Qe1+ 35.Kh2 Qxe3
36.Qxa6 d4 37.Qd6 d3 38.b5 d2 39.b6 h4 40.b7 Qg3+ 41.Qxg3 hxg3+ 42.Kxg3 d1=Q
43.b8=Q Qd3+ 44.Kf2 Qxa3 45.Qe5+ Kh7 46.Qh2+ Kg8 47.Qb8+ Qf8 48.Qc7 Qb4 49.g3 Qe4
50.Qc3 Qf5+ 51.Kg2 Kh7 52.Qd4 Qc2+ 53.Kf3 Qc6+ 54.Kf2 g5 55.g4 Kg6 56.Qd3+ Kg7
57.Kg3 Qc5 58.Kg2 Qe5 59.Kh3 Qf6 60.Kg3 Qf4+ 61.Kh3 Qf2 62.Qc3+ Kg8 63.Qc8+ Kh7
64.Qd7 Kg7 65.Qc8 Kh7 66.Qh8+  1/2-1/2

[Event "Winter Open"]
[Site "Belgrade SRB"]
[Date "2008.01.28"]
[Round "7"]
[White "Lorens Ristovic,L"]
[Black "Masovic,B"]
[Result "1-0"]
[WhiteElo "2103"]
[BlackElo "1852"]

1.c4 c6 2.d4 d5 3.Nc3 e6 4.Nf3 dxc4 5.a4 Bb4 6.e3 b5 7.Bd2 Bb7 8.b3 Bxc3
9.Bxc3 a5 10.bxc4 b4 11.Bb2 Nf6 12.Bd3 O-O 13.O-O Re8 14.e4 Nfd7 15.Re1 Nf8
16.c5 Nbd7 17.e5 Qc8 18.Nd2 Rd8 19.Ne4 Qc7 20.Nd6 f6 21.f4 f5 22.g4 g6 23.gxf5 gxf5
24.Qb3 Nb8 25.Bxf5 Rxd6 26.exd6 Qd8 27.Bxe6+ Nxe6 28.Qxe6+ Kf8 29.Qf5+ Kg8
30.Re7  1-0

[Event "6th ch-PriFO Men"]
[Site "Kazan RUS"]
[Date "2008.01.28"]
[Round "6"]
[White "Pushkin,E"]
[Black "Mustakayev,A"]
[Result "1-0"]
[WhiteElo "2185"]
[BlackElo "2326"]

1.c4 c6 2.Nf3 Nf6 3.e3 e6 4.d4 d5 5.a3 Nbd7 6.Nc3 Bd6 7.Be2 O-O 8.Qc2 Re8
9.O-O e5 10.dxe5 Nxe5 11.cxd5 cxd5 12.Nb5 Bb8 13.Nbd4 Be6 14.b3 Bd6 15.Bb2 Rc8
16.Qd1 Ng6 17.Rc1 Qe7 18.Nb5 Rxc1 19.Qxc1 Bb8 20.Qa1 a6 21.Nbd4 Ne4 22.Rd1 Bg4
23.h3 Bxf3 24.Bxf3 Nxf2 25.Nf5 Nxh3+ 26.Kf1 Qg5 27.Rxd5 Nh4 28.Bf6 Qxf6 29.Qxf6 gxf6
30.Nxh4 Ng5 31.Rd7 Nxf3 32.Nxf3 b5 33.Nd4 Kg7 34.Ke2 Kg6 35.Kd3 Bg3 36.e4 Bf2
37.Nf5 h5 38.Rd6 Re6 39.Rd8 Kg5 40.Rd7 Kg6 41.Ne7+ Kg5 42.Nd5 Kg4 43.Rxf7 Bh4
44.Ne3+ Kf4 45.Nf5 Bf2 46.Ng7 Rd6+ 47.Ke2 Bd4 48.Nf5 Rd8 49.Nxd4 Rxd4 50.Rxf6+ Kg3
51.Ke3 Rd1 52.Rg6+ Kh2 53.Rh6 Rb1 54.Rxh5+ Kxg2 55.Rg5+ Kf1 56.b4 Rb3+ 57.Kd4 Ke2
58.e5 Rd3+ 59.Kc5 Kf3 60.e6 Kf4 61.Rd5 Rxa3 62.e7 Re3 63.Kd6  1-0